000 00325nam a2200133Ia 4500
005 20251222152646.0
008 251222s9999||||xx |||||||||||||| ||spa||
082 _a332.632.21/R25
100 _aRappaport, Alfred
245 0 _aLa Creación de Valor para Accionista
250 _a1ra.ed.
264 _bPlaneta
942 _cLIB
999 _c28278
_d28278